[Event "División de Honor Aragonesa 2022"]
[Site "Aragon"]
[Date "2022.01.29"]
[Round "1.2"]
[White "Ramiro Ovejero, Juan Luis"]
[Black "Cid Royo, Oscar"]
[Result "1-0"]
[WhiteElo "2324"]
[BlackElo "2015"]
[PlyCount "77"]
[EventDate "2022.01.29"]
[WhiteTeam "Jaime Casas"]
[BlackTeam "L'Aurora Estadilla"]

1. e4 d5 2. exd5 Qxd5 3. Nc3 Qd8 4. d4 Nf6 5. Nf3 Bg4 6. h3 Bh5 7. g4 Bg6 8.
Ne5 Nbd7 9. Qe2 c6 10. h4 Nxe5 11. dxe5 Nd5 12. h5 Nxc3 13. bxc3 Qd5 14. Rh3
Be4 15. f3 Bxc2 16. Qxc2 Qxe5+ 17. Kf2 e6 18. f4 Bc5+ 19. Kg2 Qc7 20. Qe4 O-O-O
21. Be3 Qa5 22. Bxc5 Qxc5 23. Qe3 Qa3 24. Kg1 Qb2 25. Qc1 Qb6+ 26. Kh1 Rd7 27.
Rb1 Qf2 28. Rb2 Qc5 29. Qe3 Qa5 30. Rd2 Rhd8 31. Rhh2 Qa3 32. Kg1 Qc1 33. Rde2
Qa3 34. Re1 Qa4 35. Rf2 Rd6 36. Qe4 Qa5 37. Qb4 Qc7 38. Qc5 Kb8 39. Qe5 1-0

[Event "División de Honor Aragonesa 2022"]
[Site "Aragon"]
[Date "2022.01.29"]
[Round "1.3"]
[White "Pellicer Cerezuela, Miguel"]
[Black "Fontana Sotomayor, Luis Javier"]
[Result "1/2-1/2"]
[WhiteElo "2006"]
[BlackElo "2251"]
[PlyCount "138"]
[EventDate "2022.01.29"]
[WhiteTeam "L'Aurora Estadilla"]
[BlackTeam "Jaime Casas"]

1. d4 e6 2. c4 f5 3. Nf3 Nf6 4. g3 d5 5. Bg2 c6 6. O-O Bd6 7. Qc2 O-O 8. Bf4
Ne4 9. Nbd2 Be7 10. Rad1 Nd7 11. Ne5 Nd6 12. f3 Nxe5 13. Bxe5 Nf7 14. f4 Nxe5
15. dxe5 g5 16. Nb3 gxf4 17. gxf4 Bd7 18. Kh1 Kh8 19. Bf3 Bh4 20. e3 Qe7 21.
cxd5 cxd5 22. Nd4 Rac8 23. Qd2 Rc5 24. Rc1 Rfc8 25. Rxc5 Qxc5 26. Rg1 Rg8 27.
Bh5 Rxg1+ 28. Kxg1 Kg7 29. Be8 Bc8 30. Bh5 a6 31. Kg2 Kf8 32. Bd1 Bd8 33. b4
Qc7 34. Ba4 Qg7+ 35. Kf1 Bb6 36. b5 a5 37. Bd1 Qe7 38. Ke2 Bd7 39. a4 Qa3 40.
Qd3 Qa2+ 41. Qc2 Qxc2+ 42. Bxc2 Bc5 43. Kf2 Ke7 44. Bd1 Be8 45. Bf3 Bf7 46. Ke2
Kd7 47. Kd3 Kc7 48. Nb3 Bb4 49. Be2 Kb6 50. Bf3 Ba3 51. Kd4 Be8 52. Be2 Bb4 53.
Kd3 Be1 54. h3 Kc7 55. Bf3 Bb4 56. Kd4 Bf7 57. Kd3 Kd7 58. Kd4 Ke7 59. Nc5 b6
60. Nd3 Ba3 61. Ne1 Bc5+ 62. Kd3 Kf8 63. Ke2 Be8 64. Nc2 Kg7 65. Nd4 Bf7 66.
Kf2 Be7 67. Kg3 Bb4 68. Kf2 Bc3 69. Be2 Bb2 1/2-1/2

[Event "División de Honor Aragonesa 2022"]
[Site "Aragon"]
[Date "2022.01.29"]
[Round "1.4"]
[White "Newrkla, Katharina"]
[Black "Pellicer Cemeli, Jose Luis"]
[Result "1-0"]
[WhiteElo "2230"]
[BlackElo "1963"]
[PlyCount "61"]
[EventDate "2022.01.29"]
[WhiteTeam "Jaime Casas"]
[BlackTeam "L'Aurora Estadilla"]

1. e4 e6 2. d3 c5 3. Nf3 Nc6 4. g3 d5 5. Qe2 Nf6 6. Bg2 Be7 7. O-O O-O 8. e5
Nd7 9. c4 dxc4 10. dxc4 Qc7 11. Bf4 b6 12. Nc3 Ba6 13. Rad1 Rad8 14. h4 Na5 15.
b3 Nb8 16. Ng5 Nbc6 17. Be4 Bxg5 18. hxg5 g6 19. Bxc6 Nxc6 20. Ne4 Nd4 21. Qg4
Qc6 22. f3 Bb7 23. Rde1 Nf5 24. Qh3 h5 25. gxh6 Rd3 26. h7+ Kh8 27. Bg5 f6 28.
Bxf6+ Rxf6 29. exf6 Qc7 30. Ng5 Qd7 31. f7 1-0

[Event "División de Honor Aragonesa 2022"]
[Site "Aragon"]
[Date "2022.01.29"]
[Round "1.5"]
[White "Adla Martin, Diego"]
[Black "Sanchez Herrera, Miguel"]
[Result "1-0"]
[WhiteElo "2420"]
[BlackElo "2074"]
[PlyCount "85"]
[EventDate "2022.01.29"]
[WhiteTeam "MyInvestor Casablanca"]
[BlackTeam "Agrupacion"]

1. Nf3 Nf6 2. c4 c5 3. Nc3 e6 4. g3 b6 5. Bg2 Bb7 6. O-O Be7 7. Re1 O-O 8. e4
d6 9. d4 cxd4 10. Nxd4 Qc7 11. Ndb5 Qc6 12. Bf4 Rd8 13. Rc1 a6 14. Nd4 Qc8 15.
Bh3 Re8 16. Nd5 Qd8 17. Nxe7+ Rxe7 18. Bg5 Nbd7 19. f3 h6 20. Be3 Rc8 21. b3
Nc5 22. Bf2 Ba8 23. Rc2 Qc7 24. Bf1 Rd8 25. Qd2 Qc8 26. Qe3 Rc7 27. Rec1 Ncd7
28. Rc3 Rc5 29. Be2 Qb7 30. b4 Re5 31. Bd3 d5 32. c5 bxc5 33. bxc5 Qb4 34. c6
Nb6 35. c7 Rc8 36. Nc6 Bxc6 37. Qxb6 Qxb6 38. Bxb6 Bb7 39. Bd4 Rh5 40. Bxf6
gxf6 41. Rb3 dxe4 42. Rxb7 exd3 43. Rb8 1-0

[Event "División de Honor Aragonesa 2022"]
[Site "Aragon"]
[Date "2022.01.29"]
[Round "1.6"]
[White "Barros Gutierrez, Angel Luis"]
[Black "Glavina Rossi, Pablo"]
[Result "0-1"]
[WhiteElo "2043"]
[BlackElo "2397"]
[PlyCount "66"]
[EventDate "2022.01.29"]
[WhiteTeam "Agrupacion"]
[BlackTeam "MyInvestor Casablanca"]

1. d4 Nf6 2. c4 e6 3. Nf3 c5 4. d5 exd5 5. cxd5 d6 6. Nc3 g6 7. Bf4 a6 8. a4
Bg7 9. h3 O-O 10. e3 Nh5 11. Bh2 f5 12. Be2 f4 13. e4 Nd7 14. Nd2 Ne5 15. Bxh5
gxh5 16. Nf3 Qe8 17. Qe2 Bd7 18. a5 Qg6 19. Nxe5 Bxe5 20. Rg1 Rab8 21. Na4 Bb5
22. Qc2 Rbe8 23. O-O-O Bd4 24. f3 Bxg1 25. Rxg1 h4 26. Nb6 Re5 27. Rd1 Rg5 28.
Rd2 Rf7 29. Nc8 Qf6 30. Kb1 Rfg7 31. Qc3 Qf8 32. Nb6 Rxg2 33. e5 Qf5+ 0-1

[Event "División de Honor Aragonesa 2022"]
[Site "Aragon"]
[Date "2022.01.29"]
[Round "1.7"]
[White "Vela Frago, Alberto"]
[Black "Garcia Morales, Roberto"]
[Result "1/2-1/2"]
[WhiteElo "2153"]
[BlackElo "1980"]
[PlyCount "48"]
[EventDate "2022.01.29"]
[WhiteTeam "MyInvestor Casablanca"]
[BlackTeam "Agrupacion"]

1. c4 b6 2. e4 Bb7 3. Nc3 c5 4. f4 g6 5. Nf3 Bg7 6. d3 d6 7. g3 Nd7 8. Bg2 Ngf6
9. O-O O-O 10. a3 a6 11. Kh1 Ne8 12. Bd2 Nc7 13. b4 b5 14. Qe2 bxc4 15. dxc4
cxb4 16. axb4 a5 17. Rxa5 Rxa5 18. bxa5 Nc5 19. Rb1 Bxc3 20. Bxc3 Bxe4 21. Rd1
N7e6 22. f5 Ng7 23. Nh4 Qa8 24. Kg1 Bxg2 1/2-1/2

[Event "División de Honor Aragonesa 2022"]
[Site "Aragon"]
[Date "2022.01.29"]
[Round "1.8"]
[White "Conon, Catalin"]
[Black "Sanjulian Arruga, Pablo"]
[Result "1/2-1/2"]
[WhiteElo "1887"]
[BlackElo "1888"]
[PlyCount "89"]
[EventDate "2022.01.29"]
[WhiteTeam "Agrupacion"]
[BlackTeam "MyInvestor Casablanca"]

1. d4 Nf6 2. c4 e6 3. Nf3 c5 4. Nc3 cxd4 5. Nxd4 Nc6 6. Ndb5 d6 7. Bf4 e5 8.
Bg5 a6 9. Na3 Be6 10. g3 Be7 11. Bg2 Rb8 12. O-O h5 13. h4 Ng4 14. Bxe7 Nxe7
15. Ne4 Nf5 16. Ng5 O-O 17. Qd3 Qe7 18. Rfd1 Rfd8 19. Rac1 Qf6 20. Ne4 Qe7 21.
Nc3 Qf6 22. Rf1 Rd7 23. Nc2 b5 24. cxb5 axb5 25. Nd5 Bxd5 26. Bxd5 Ne7 27. Nb4
Nxd5 28. Nxd5 Qe6 29. Rc2 f5 30. Rfc1 Rf7 31. Nc7 Qf6 32. Nxb5 f4 33. Rc8+ Rf8
34. Qd5+ Kh8 35. Rxb8 Rxb8 36. Qxd6 Rxb5 37. Rc8+ Kh7 38. Qd3+ g6 39. Qxb5 fxg3
40. Qd7+ Kh6 41. Qd2+ Kg7 42. Rc7+ Kh8 43. Rc8+ Kg7 44. Rc7+ Kh8 45. Rc8+
1/2-1/2

[Event "División de Honor Aragonesa 2022"]
[Site "Aragon"]
[Date "2022.01.29"]
[Round "1.9"]
[White "Lopez Gracia, Fernando"]
[Black "Abril Avellanas, Eduardo"]
[Result "1/2-1/2"]
[WhiteElo "2281"]
[BlackElo "2157"]
[PlyCount "64"]
[EventDate "2022.01.29"]
[WhiteTeam "IberCaja"]
[BlackTeam "Atletismo Huesca"]

1. d4 Nf6 2. c4 d6 3. Nc3 g6 4. e4 Bg7 5. h3 O-O 6. Be3 Na6 7. g4 c5 8. Nge2
cxd4 9. Nxd4 Nc5 10. Bg2 Bd7 11. O-O Rc8 12. Rc1 a6 13. Qe2 Ne6 14. Nb3 a5 15.
Nd5 a4 16. Nd2 Nxd5 17. exd5 Nc5 18. b4 axb3 19. axb3 f5 20. b4 Na6 21. b5 f4
22. bxa6 fxe3 23. axb7 exd2 24. bxc8=Q dxc1=N 25. Qe6+ Bxe6 26. Qxe6+ Kh8 27.
Rxc1 Bd4 28. Rf1 Rf4 29. Qe2 Qf8 30. Be4 Qf6 31. Kg2 Qe5 32. Bf3 Kg7 1/2-1/2

[Event "División de Honor Aragonesa 2022"]
[Site "Aragon"]
[Date "2022.01.29"]
[Round "1.10"]
[White "Salamero Pelay, Fernando"]
[Black "Palacios Latasa, Elias"]
[Result "1/2-1/2"]
[WhiteElo "2076"]
[BlackElo "2180"]
[PlyCount "84"]
[EventDate "2022.01.29"]
[WhiteTeam "Atletismo Huesca"]
[BlackTeam "IberCaja"]

1. e4 e5 2. Nf3 Nc6 3. Bb5 g6 4. c3 Bg7 5. O-O Nge7 6. d4 exd4 7. cxd4 d5 8.
exd5 Nxd5 9. Re1+ Be6 10. Bg5 Qd6 11. Nc3 O-O 12. Ne4 Qb4 13. Bxc6 bxc6 14. Qc2
h6 15. Bd2 Qb6 16. Nc5 Bf5 17. Qc1 Rfe8 18. Ne5 Rad8 19. Bxh6 Nb4 20. Bxg7 Kxg7
21. Qc4 Be6 22. Nxe6+ Rxe6 23. Nxf7 Rxe1+ 24. Rxe1 Qxd4 25. Ne5 Qxc4 26. Nxc4
Nxa2 27. Kf1 Kf6 28. Ra1 Rd4 29. Rxa2 Rxc4 30. Rxa7 Rc1+ 31. Ke2 Rc2+ 32. Kf3
Rxb2 33. Rxc7 Rc2 34. Kg4 Rxf2 35. Rxc6+ Kg7 36. Kg3 Re2 37. Kh3 Kh6 38. g4 Kg5
39. Rc5+ Kf4 40. Rc4+ Kg5 41. Rc5+ Kf4 42. Rc4+ Kg5 1/2-1/2

[Event "División de Honor Aragonesa 2022"]
[Site "Aragon"]
[Date "2022.01.29"]
[Round "1.11"]
[White "Villalba Embid, Marcos"]
[Black "Luis Vitalla, Fernando"]
[Result "1/2-1/2"]
[WhiteElo "2058"]
[BlackElo "2096"]
[PlyCount "81"]
[EventDate "2022.01.29"]
[WhiteTeam "IberCaja"]
[BlackTeam "Atletismo Huesca"]

1. e4 e5 2. Bc4 Nf6 3. Nc3 Nxe4 4. Qh5 Nd6 5. Bb3 Be7 6. Qxe5 O-O 7. Nf3 c6 8.
d4 Ne8 9. d5 Bf6 10. Qf4 d6 11. O-O Nd7 12. Ne4 Ne5 13. Nxf6+ Qxf6 14. Qxf6
Nxf6 15. Nxe5 dxe5 16. dxc6 bxc6 17. Rd1 Bf5 18. Be3 a5 19. Ba4 Rab8 20. Bc5
Rfc8 21. Rab1 Nd7 22. Bd6 Rb7 23. Bb3 Nb6 24. a4 Nd7 25. Rdc1 Rxb3 26. cxb3
Bxb1 27. Rxb1 c5 28. Rd1 f6 29. Be7 Rc7 30. Bd8 Ra7 31. g3 Nf8 32. Bb6 Rb7 33.
Bxc5 Ne6 34. Ba3 Nd4 35. f4 Rxb3 36. fxe5 Nf3+ 37. Kg2 Nxe5 38. Rd5 Nc4 39. Rc5
Nxb2 40. Bxb2 Rxb2+ 41. Kg1 1/2-1/2

[Event "División de Honor Aragonesa 2022"]
[Site "Aragon"]
[Date "2022.01.29"]
[Round "1.12"]
[White "Bellosta Lopez, Pablo"]
[Black "Torcal Miguel, Oscar"]
[Result "1-0"]
[WhiteElo "1980"]
[BlackElo "2037"]
[PlyCount "85"]
[EventDate "2022.01.29"]
[WhiteTeam "Atletismo Huesca"]
[BlackTeam "IberCaja"]

1. e4 c5 2. Nf3 Nc6 3. Bb5 g6 4. Bxc6 bxc6 5. O-O Bg7 6. Re1 e5 7. c3 Qb6 8.
Na3 d6 9. Nc4 Qc7 10. d4 Be6 11. dxe5 dxe5 12. Qa4 Ne7 13. Be3 Rb8 14. b3 Rb5
15. Ng5 Bd7 16. Qa3 h6 17. Nf3 Be6 18. Bxc5 Bxc4 19. bxc4 Ra5 20. Qb4 Nc8 21.
Red1 Bf8 22. Bxf8 Rxf8 23. Rd2 c5 24. Qb3 Nb6 25. Rad1 Ke7 26. Ne1 f5 27. exf5
gxf5 28. Nc2 f4 29. Ne1 Qc6 30. Qc2 Qe6 31. Qe4 Rf7 32. Nf3 Nxc4 33. Rd5 Ra4
34. Nxe5 Nb6 35. Ng6+ Kf6 36. Qxe6+ Kxe6 37. Rd6+ Kf5 38. Nh4+ Kg4 39. Nf3 Re7
40. h3+ Kh5 41. g4+ fxg3 42. fxg3 Nc8 43. R1d5+ 1-0

[Event "División de Honor Aragonesa 2022"]
[Site "Aragon"]
[Date "2022.01.29"]
[Round "1.14"]
[White "Hernando Garcia, Antonio"]
[Black "Gavin Roche, Enrique"]
[Result "0-1"]
[WhiteElo "2133"]
[BlackElo "2237"]
[PlyCount "106"]
[EventDate "2022.01.29"]
[WhiteTeam "El Olivar"]
[BlackTeam "ONCE Club Ajedrez Aragon"]

1. c4 e6 2. Nf3 d5 3. cxd5 exd5 4. d4 Nf6 5. Nc3 Be7 6. Bg5 O-O 7. Qc2 Re8 8.
e3 h6 9. Bh4 c5 10. dxc5 Nc6 11. Bxf6 Bxf6 12. Be2 Qa5 13. O-O Qxc5 14. Rac1 d4
15. Ne4 Qxc2 16. Nxf6+ gxf6 17. Rxc2 dxe3 18. fxe3 Rxe3 19. Kf2 Re7 20. Bb5 Ne5
21. Nd4 Be6 22. Kg3 Rd8 23. Nxe6 Rxe6 24. Be2 Kg7 25. h3 Rd4 26. Rfc1 f5 27.
Rf1 Rg6+ 28. Kh2 f4 29. Rc5 Rg5 30. Rc2 Rg3 31. Bf3 b6 32. Re2 f6 33. Rc2 Kg6
34. Rcf2 Kg5 35. Rc2 a5 36. a3 h5 37. Re2 h4 38. Rc2 Rd3 39. Be4 Rde3 40. Bb7
f3 41. gxf3 Kf4 42. Rd2 Rd3 43. Rxd3 Nxd3 44. b4 axb4 45. axb4 Ke3 46. b5 Nf4
47. Bc8 Rg2+ 48. Kh1 Rb2 49. Bd7 Ne2 50. Re1 Kf2 51. Ra1 Ng3+ 52. Kh2 Kxf3+ 53.
Kg1 Rg2# 0-1

[Event "División de Honor Aragonesa 2022"]
[Site "Aragon"]
[Date "2022.01.29"]
[Round "1.15"]
[White "Latorre Abad, Fernando"]
[Black "Galstyan, David"]
[Result "1/2-1/2"]
[WhiteElo "2109"]
[BlackElo "1859"]
[PlyCount "79"]
[EventDate "2022.01.29"]
[WhiteTeam "ONCE Club Ajedrez Aragon"]
[BlackTeam "El Olivar"]

1. e4 e5 2. Nf3 Nc6 3. Bb5 a6 4. Ba4 d6 5. c3 Nf6 6. Qe2 Bd7 7. O-O g6 8. d4
Bg7 9. Rd1 O-O 10. Bc2 Re8 11. d5 Ne7 12. c4 h6 13. Nc3 Rf8 14. c5 Nh7 15. cxd6
cxd6 16. Nd2 f5 17. a4 Rc8 18. Nc4 Qc7 19. Bb3 b5 20. axb5 axb5 21. Na5 Ra8 22.
Nc6 Bxc6 23. dxc6+ Kh8 24. Rxa8 Rxa8 25. Nd5 Nxd5 26. Bxd5 Nf6 27. Qxb5 fxe4
28. Qe2 Nxd5 29. Rxd5 Qxc6 30. Rd1 d5 31. b4 Rb8 32. Bd2 Qc2 33. Qe1 d4 34. Rc1
Qd3 35. Rd1 Qb3 36. Rb1 Qd5 37. h3 Kh7 38. Rc1 Bf8 39. Rc7+ Kh8 40. Qc1 1/2-1/2

[Event "División de Honor Aragonesa 2022"]
[Site "Aragon"]
[Date "2022.01.29"]
[Round "1.16"]
[White "Munoz Valles, Jorge"]
[Black "Cobo Garrido, Diego Israel"]
[Result "0-1"]
[WhiteElo "1851"]
[BlackElo "2076"]
[PlyCount "68"]
[EventDate "2022.01.29"]
[WhiteTeam "El Olivar"]
[BlackTeam "ONCE Club Ajedrez Aragon"]

1. d4 d5 2. c4 c6 3. Nf3 Nf6 4. Nc3 dxc4 5. a4 Bf5 6. e3 Na6 7. Bxc4 Nb4 8. Ne5
e6 9. O-O Be7 10. Bd2 O-O 11. Ne2 h6 12. Ng3 Bh7 13. Qf3 a5 14. Rad1 Nbd5 15.
e4 Nb6 16. Nxf7 Kxf7 17. Bb3 Kg8 18. Bxe6+ Kh8 19. e5 Ne4 20. Qg4 Nxd2 21. Rxd2
Nd5 22. Nf5 Bg5 23. Rd3 Nf4 24. Rb3 Nxe6 25. Nd6 Bg8 26. Rxb7 Rb8 27. Ra7 Qb6
28. Rd7 Rbd8 29. Rb7 Qxd4 30. Qxd4 Nxd4 31. h4 Bxh4 32. g3 Bxg3 33. fxg3 Ne2+
34. Kg2 Bd5+ 0-1

[Event "División de Honor Aragonesa 2022"]
[Site "Aragon"]
[Date "2022.01.29"]
[Round "1.17"]
[White "Garza Marco, Sergio"]
[Black "Juberias Segura, Santiago"]
[Result "1-0"]
[WhiteElo "2396"]
[BlackElo "2026"]
[PlyCount "57"]
[EventDate "2022.01.29"]
[WhiteTeam "Helios"]
[BlackTeam "Utebo San Lamberto"]

1. d4 Nf6 2. c4 g6 3. f3 Bg7 4. e4 O-O 5. Ne2 d6 6. Be3 c5 7. Nbc3 cxd4 8. Nxd4
Nc6 9. Nc2 Be6 10. Qd2 Rc8 11. Rc1 Ne5 12. b3 a6 13. Be2 Qc7 14. Nd4 Bd7 15.
O-O Nc6 16. Rfd1 Nxd4 17. Bxd4 Bc6 18. b4 b6 19. Bf1 Nd7 20. Be3 a5 21. a3 axb4
22. axb4 Ra8 23. Nd5 Bxd5 24. cxd5 Qa7 25. Rc6 Rfb8 26. Rdc1 h5 27. Bb5 Qa2 28.
R6c2 Qa7 29. Bc6 1-0

[Event "División de Honor Aragonesa 2022"]
[Site "Aragon"]
[Date "2022.01.29"]
[Round "1.18"]
[White "Lopez Guaita, Fernando"]
[Black "Eizaguerri Floris, Maria"]
[Result "1-0"]
[WhiteElo "1828"]
[BlackElo "2215"]
[PlyCount "97"]
[EventDate "2022.01.29"]
[WhiteTeam "Utebo San Lamberto"]
[BlackTeam "Helios"]

1. e4 c5 2. Nc3 d6 3. f4 Nc6 4. Nf3 g6 5. Bc4 Bg7 6. O-O e6 7. a4 Nge7 8. Ba2
O-O 9. d3 a6 10. g4 Nd4 11. Nxd4 Bxd4+ 12. Kh1 f5 13. Qe2 Kh8 14. gxf5 exf5 15.
Be3 Bg7 16. e5 dxe5 17. fxe5 b6 18. Qf3 Rb8 19. Bg5 Bb7 20. Nd5 Bxd5 21. Bxd5
Qxd5 22. Bxe7 Qxf3+ 23. Rxf3 Rfe8 24. Bd6 Rbd8 25. Bc7 Rd7 26. Bxb6 Rxe5 27.
Raf1 Kg8 28. Rf4 Kf7 29. b4 cxb4 30. Rxb4 Re2 31. Rf2 Re1+ 32. Kg2 Bf8 33. Rc4
Re6 34. a5 Bd6 35. Rc8 Re8 36. Rxe8 Kxe8 37. c4 Bb4 38. d4 Bc3 39. Re2+ Re7 40.
Rc2 Re3 41. d5 Rd3 42. Kf1 f4 (42... Kd7) 43. c5 Bb4 44. Rc4 Rd1+ 45. Ke2 Re1+
46. Kf2 Bd2 47. c6 Rh1 48. c7 Rxh2+ 49. Kg1 1-0

[Event "División de Honor Aragonesa 2022"]
[Site "Aragon"]
[Date "2022.01.29"]
[Round "1.19"]
[White "Guzman Moneo, Alberto"]
[Black "Orti Stock, Carlos"]
[Result "1-0"]
[WhiteElo "2196"]
[BlackElo "1803"]
[PlyCount "49"]
[EventDate "2022.01.29"]
[WhiteTeam "Helios"]
[BlackTeam "Utebo San Lamberto"]

1. d4 e6 2. e4 b6 3. Bd3 Bb7 4. Nf3 c5 5. c3 cxd4 6. cxd4 Bb4+ 7. Nc3 Nf6 8.
Qe2 h6 9. O-O Bxc3 10. bxc3 O-O 11. e5 Nh7 12. Ba3 Re8 13. Nd2 d5 14. f4 Qc8
15. c4 Nc6 16. cxd5 exd5 17. Rac1 Qd7 18. Nf3 Nf8 19. f5 Rac8 20. Qe3 Qd8 21.
Qf4 Na5 22. Bxf8 Rxf8 23. f6 Rxc1 24. Rxc1 Bc8 25. Qg3 1-0

[Event "División de Honor Aragonesa 2022"]
[Site "Aragon"]
[Date "2022.01.29"]
[Round "1.20"]
[White "Olivan Lopez, Dario"]
[Black "Lorente Melcon, Maximo"]
[Result "0-1"]
[WhiteElo "1793"]
[BlackElo "1858"]
[PlyCount "96"]
[EventDate "2022.01.29"]
[WhiteTeam "Utebo San Lamberto"]
[BlackTeam "Helios"]

1. e4 c5 2. Nf3 e6 3. d4 cxd4 4. Qxd4 Nc6 5. Qd1 Nf6 6. Bd3 Qc7 7. Nc3 a6 8.
Qe2 d6 9. Bf4 Be7 10. O-O O-O 11. e5 dxe5 12. Bxe5 Nxe5 13. Nxe5 b5 14. f4 Bb7
15. Ne4 Rac8 16. Ng3 Bd6 17. Nh5 Bxe5 18. fxe5 Nxh5 19. Qxh5 h6 20. Rf4 Rcd8
21. Rg4 Kh8 22. Rf1 Qe7 23. Rf6 Qc5+ 24. Kh1 Qe3 25. Rxg7 Qc1+ 26. Rf1 Qxf1+
27. Bxf1 Kxg7 28. Qg4+ Kh7 29. Bd3+ Rxd3 30. cxd3 Rg8 31. Qe2 Rxg2 32. Qxg2
Bxg2+ 33. Kxg2 Kg6 34. Kf3 Kf5 35. d4 a5 36. a3 Kg5 37. Kg3 Kf5 38. Kh4 Ke4 39.
Kh5 Kxd4 40. Kxh6 Kxe5 41. Kg5 f5 42. h4 f4 43. h5 f3 44. h6 f2 45. h7 f1=Q 46.
h8=Q+ Kd5 47. Qa8+ Kc4 48. Qc6+ Kb3 {Ilegible} 0-1

[Event "División de Honor Aragonesa 2022"]
[Site "Aragon"]
[Date "2022.01.29"]
[Round "1.21"]
[White "Cifuentes Parada, Roberto"]
[Black "Llanes Luno, Ricardo"]
[Result "1-0"]
[WhiteElo "2427"]
[BlackElo "2203"]
[PlyCount "81"]
[EventDate "2022.01.29"]
[WhiteTeam "Jaque - Pirenauto"]
[BlackTeam "Delicias"]

1. d4 Nf6 2. Nf3 e6 3. g3 c5 4. Bg2 cxd4 5. O-O d5 6. Nxd4 e5 7. Nb3 Nc6 8. Bg5
Be6 9. Nc3 d4 10. Ne4 Be7 11. Bxf6 Bxf6 12. c3 O-O 13. Nbc5 Bc8 14. cxd4 exd4
15. Nxf6+ Qxf6 16. Rc1 Rd8 17. Qd2 Rb8 18. Rfd1 Ne5 19. b3 h6 20. h3 Qe7 21.
Qf4 g5 22. Qe4 f5 23. Qc2 b6 24. Nd3 Ba6 25. Qc7 Qxc7 26. Rxc7 Bxd3 27. exd3
Rd7 28. Rxd7 Nxd7 29. Re1 Nc5 30. Re7 Rd8 31. Rxa7 Nxd3 32. Kf1 Nb2 33. Ke2 d3+
34. Kd2 Rd6 35. Rc7 b5 36. Rc1 Ra6 37. Ra1 Kg7 38. Kc3 Re6 39. Kxb2 b4 40. Bf1
d2 41. Rd1 1-0

[Event "División de Honor Aragonesa 2022"]
[Site "Aragon"]
[Date "2022.01.29"]
[Round "1.22"]
[White "Llanes Luno, Pedro Alfredo"]
[Black "Escartin Lacasa, Jose"]
[Result "1/2-1/2"]
[WhiteElo "2041"]
[BlackElo "2315"]
[PlyCount "116"]
[EventDate "2022.01.29"]
[WhiteTeam "Delicias"]
[BlackTeam "Jaque - Pirenauto"]

1. e4 c5 2. Nf3 Nc6 3. d4 cxd4 4. Nxd4 Nf6 5. Nc3 e5 6. Ndb5 d6 7. Nd5 Nxd5 8.
exd5 Nb8 9. c4 Be7 10. Be2 a6 11. Nc3 O-O 12. O-O f5 13. b4 a5 14. bxa5 Qxa5
15. Bd2 Qd8 16. c5 dxc5 17. Bc4 Bd6 18. Nb5 Kh8 19. Bc3 Na6 20. Re1 Re8 21. Qh5
Nc7 22. f4 Nxb5 23. Bxb5 Bd7 24. Bxd7 Qxd7 25. fxe5 Bc7 26. e6 Qe7 27. Qxf5 Rf8
28. Qe4 Rf4 29. Qe2 Rf5 30. Rad1 Bd6 31. Rf1 Raf8 32. g4 Rf4 33. Be5 Rxf1+ 34.
Rxf1 Kg8 35. Bxd6 Qxd6 36. Rxf8+ Kxf8 37. Qf1+ Ke8 38. Qf7+ Kd8 39. Qxb7 c4 40.
Qa8+ Ke7 41. Qa7+ Kd8 42. Qa8+ Ke7 43. Qa7+ Kd8 44. Qa5+ Ke7 45. Qd2 Qc5+ 46.
Kf1 c3 47. Qg5+ Ke8 48. Qf5 Kd8 49. Ke2 Qc4+ 50. Kd1 Qd4+ 51. Kc2 Qd2+ 52. Kb3
Qb2+ 53. Kc4 c2 54. Qf8+ Kc7 55. Qe7+ Kb6 56. Qd8+ Kb7 57. Qd7+ Ka6 58. Qc6+
Ka7 1/2-1/2

[Event "División de Honor Aragonesa 2022"]
[Site "Aragon"]
[Date "2022.01.29"]
[Round "1.23"]
[White "Ereza Vizcarra, Fernando"]
[Black "Roche Simon, Manuel Angel"]
[Result "1-0"]
[WhiteElo "2117"]
[BlackElo "2027"]
[PlyCount "69"]
[EventDate "2022.01.29"]
[WhiteTeam "Jaque - Pirenauto"]
[BlackTeam "Delicias"]

1. d4 Nf6 2. Nf3 g6 3. c4 Bg7 4. Nc3 d5 5. cxd5 Nxd5 6. e4 Nxc3 7. bxc3 O-O 8.
Be3 c5 9. Qd2 Qa5 10. Rc1 b6 11. Bd3 Rd8 12. d5 Ba6 13. c4 Qa4 14. Qc2 Qxc2 15.
Rxc2 Nd7 16. Ke2 h6 17. h4 e6 18. Bf4 e5 19. Be3 f6 20. h5 g5 21. Nd2 Rf8 22.
g4 Bc8 23. f3 Nb8 24. Rb2 Na6 25. Nb1 Bd7 26. Nc3 Rfb8 27. Bc2 Nc7 28. Rhb1 Rc8
29. Ba4 Bxa4 30. Nxa4 Ne8 31. Nc3 Bf8 32. Kd3 Bd6 33. a4 Nc7 34. Bd2 Kf7 35. a5
1-0

[Event "División de Honor Aragonesa 2022"]
[Site "Aragon"]
[Date "2022.01.29"]
[Round "1.24"]
[White "Fabre Perez, Jose Maria"]
[Black "Carrasquer Alonso, Fernando"]
[Result "1-0"]
[WhiteElo "2009"]
[BlackElo "1875"]
[PlyCount "121"]
[EventDate "2022.01.29"]
[WhiteTeam "Delicias"]
[BlackTeam "Jaque - Pirenauto"]

1. c4 d6 2. g3 Nf6 3. Bg2 e5 4. Nc3 Be7 5. e4 O-O 6. Nge2 Be6 7. b3 Nbd7 8. d4
Bg4 9. f3 Bh5 10. Be3 c6 11. Qd2 Qa5 12. g4 Nxg4 13. fxg4 Bh4+ 14. Kd1 Bxg4 15.
Kc2 b5 16. h3 Bh5 17. dxe5 Nxe5 18. Nf4 Bg6 19. Qxd6 Rad8 20. Qc5 Bf6 21. Qxa7
Qxa7 22. Bxa7 bxc4 23. Rhd1 Ra8 24. Bc5 Rfb8 25. b4 Ra3 26. Rab1 Nd3 27. Nfe2
Bh5 28. Nd4 Bxd1+ 29. Rxd1 Rba8 30. e5 Bxe5 31. Bxc6 Rc8 32. Ndb5 Rxc3+ 33.
Nxc3 Rxc6 34. Nd5 Bd6 35. Ne7+ Bxe7 36. Bxe7 Rc7 37. Bd6 Rc6 38. Bc5 f5 39.
Rxd3 cxd3+ 40. Kxd3 Ra6 41. b5 Rxa2 42. b6 Rb2 43. Kc4 g5 44. Bb4 Re2 45. b7
Re8 46. Bd6 f4 47. b8=Q Rxb8 48. Bxb8 Kf7 49. Kd4 Kf6 50. Ke4 h6 51. Ba7 Kg6
52. Bf2 Kf6 53. Be1 Ke6 54. Bc3 h5 55. Bd4 g4 56. h4 f3 57. Kf4 Kd5 58. Bf2 Kc4
59. Kg5 Kd3 60. Kxh5 Ke2 61. Bg3 1-0

[Event "División de Honor Aragonesa 2022"]
[Site "Aragon"]
[Date "2022.01.29"]
[Round "1.25"]
[White "Ruperez Benito, Antonio"]
[Black "Fernandez Rubio, Rafael"]
[Result "1-0"]
[WhiteElo "2322"]
[BlackElo "2068"]
[PlyCount "63"]
[EventDate "2022.01.29"]
[WhiteTeam "Palacio De Pioneros A"]
[BlackTeam "Tauste"]

1. e4 c5 2. Nf3 Nc6 3. Bb5 g6 4. O-O Bg7 5. c3 Nf6 6. Qa4 O-O 7. d4 cxd4 8.
cxd4 Qc7 9. Nc3 d6 10. Re1 a6 11. e5 Bd7 12. Bxc6 Bxc6 13. Qb3 dxe5 14. d5 Bd7
15. Nxe5 Bf5 16. Bf4 Nh5 17. Nxg6 Nxf4 18. Nxe7+ Kh8 19. Nxf5 Qd7 20. Qc2 Bf6
21. Qe4 Ng6 22. Ne3 Rae8 23. Qf5 Qe7 24. Rad1 Nh4 25. Qh5 Rg8 26. d6 Qe6 27.
Kf1 Rd8 28. Qd5 Qd7 29. Ne4 Bxb2 30. Rb1 Nxg2 31. Nxg2 Qh3 32. Ng3 1-0